00569nam a2200193Ia 450000500170000000800410001702000150005804000190007304100120009208200130010410000210011724500660013825000650020426000410026930000100031065000210032065100230034185000110036420240108111441.0131103s9999 xx 000 0 und d a9814070904 aLoreto College aEnglish a428bDAV aDavidson, George aLearners' Companion to English Vocabulary, cGeorge Davidson aAn indispensable vocabulary resource and one-stop wordfinder aSingaporebLearners Publishingc2002 a424p  aEnglish Language aEnglish Vocabulary aLCLIB